| 000 | 00742nam a22002417a 4500 | ||
|---|---|---|---|
| 003 | DO-SdBNP | ||
| 005 | 20171129132107.0 | ||
| 008 | 171109b 2006 sp||||| |||| 00| 0 spa d | ||
| 020 | _a8432208973 | ||
| 040 |
_aBPMSU _bspa _cBPMSU |
||
| 092 |
_axxxx _bxxxx |
||
| 100 | 1 |
_aGimferrer, Pere, _d1945- |
|
| 245 |
_aAmor en vilo / _cPere Gimferrer. |
||
| 250 | _a1a ed., 3a. impr. | ||
| 260 |
_aBarcelona : _bSeix Barral, _c2006. |
||
| 300 |
_a222 p. ; _c23 cm. |
||
| 490 | 1 | _aLos tres mundos : Poesía | |
| 500 | _aIncluye datos biográficos del autor en la solapa de la cubierta | ||
| 830 | 0 | _aLos tres mundos : Poesía | |
| 942 |
_2ddc _cBK |
||
| 945 | _ainventariado extranjero / DG | ||
| 956 |
_aLOPEREZ _b10 _c20171109 _h0041 _iBPMSU |
||
| 999 |
_c12828 _d12828 |
||